| 000 | 01297nam a2200325 a 4500 | ||
|---|---|---|---|
| 001 | ebr10254477 | ||
| 003 | CaPaEBR | ||
| 006 | m u | ||
| 007 | cr cn||||||||| | ||
| 008 | 050324s2004 enkab fsb 001 0 eng | ||
| 010 | _z 2005272412 | ||
| 015 |
_aGBA454286 _2bnb |
||
| 016 | 7 |
_z012958525 _2Uk |
|
| 020 | _z0199270821 | ||
| 040 |
_aCaPaEBR _cCaPaEBR |
||
| 035 | _a(OCoLC)77174412 | ||
| 050 | 1 | 4 |
_aPR255 _b.C36 2004eb |
| 082 | 0 | 4 |
_a820.9001 _222 |
| 100 | 1 | _aCannon, Christopher. | |
| 245 | 1 | 4 |
_aThe grounds of English literature _h[electronic resource] / _cChristopher Cannon. |
| 260 |
_aOxford ; _aNew York : _bOxford University Press, _c2004. |
||
| 300 |
_aviii, 237 p. : _bill., maps. |
||
| 504 | _aIncludes bibliographical references (p. [210]-228) and index. | ||
| 533 |
_aElectronic reproduction. _bPalo Alto, Calif. : _cebrary, _d2013. _nAvailable via World Wide Web. _nAccess may be limited to ebrary affiliated libraries. |
||
| 650 | 0 |
_aEnglish literature _yMiddle English, 1100-1500 _xHistory and criticism. |
|
| 650 | 0 |
_aRomances, English _xHistory and criticism. |
|
| 655 | 7 |
_aElectronic books. _2local |
|
| 710 | 2 | _aebrary, Inc. | |
| 856 | 4 | 0 |
_uhttp://site.ebrary.com/lib/rucke/Doc?id=10254477 _zAn electronic book accessible through the World Wide Web; click to view |
| 999 |
_c35181 _d35181 |
||